00331cam a2200109 a 4500020001700000040000800017082002600025100002200051245005400073260003700127300005700164 a0834803127 : cDLC00a952 WEA 1993 A101 Or.1 aDeVore, Nicholas.10aVillage Japan :bthe four seasons of Shimukappu / aNew York :bWeatherhill,c[1993] a1 v. (unpaged) :bcol. ill., col. map ;c26 x 31 cm.